[Event "13. Ciudad de Dos Hermanas D"]
[Site "Dos Hermanas ESP"]
[Date "2005.04.05"]
[Round "5.5"]
[White "Alanis Honrado, Sergio"]
[Black "Gallardo Fernandez, Cesar"]
[Result "0-1"]
[WhiteElo "2000"]
[BlackElo "2162"]
[PlyCount "82"]
[EventDate "2005.04.01"]
[EventType "tourn"]
[EventRounds "1"]
[EventCountry "ESP"]
[Source "lmi"]
[SourceDate "2005.04.09"]

1. d4 b5 2. Nf3 Bb7 3. Bf4 Nf6 4. e3 a6 5. h3 e6 6. a3 Be7 7. Be2 O-O 8. O-O d6
9. Nbd2 c5 10. dxc5 dxc5 11. Ne5 Qb6 12. Bf3 Nd5 13. Bxd5 Bxd5 14. Qg4 Rd8 15.
Bh6 Bf6 16. Ndf3 Nd7 17. Bf4 Bxf3 18. Nxf3 Bxb2 19. Rad1 Nf6 20. Qg3 Rd5 21.
Bc7 Qb7 22. Rxd5 Qxd5 23. Bb8 h6 24. Qc7 Qd7 25. Rb1 Qxc7 26. Bxc7 Bxa3 27. Rb3
b4 28. c4 Rc8 29. Bd6 a5 30. Ne5 Ne8 31. Be7 a4 32. Rb1 b3 33. Nd3 f6 34. Ra1
b2 35. Rb1 Kf7 36. Bxc5 Bxc5 37. Rxb2 Be7 38. c5 Nc7 39. Rb7 Na6 40. Ra7 Rc6
41. g4 a3 0-1

[Event "13. Ciudad de Dos Hermanas D"]
[Site "Dos Hermanas ESP"]
[Date "2005.04.06"]
[Round "6.1"]
[White "Belezky, Sasha"]
[Black "Gallardo Fernandez, Cesar"]
[Result "1-0"]
[WhiteElo "2372"]
[BlackElo "2162"]
[PlyCount "71"]
[EventDate "2005.04.01"]
[EventType "tourn"]
[EventRounds "1"]
[EventCountry "ESP"]
[Source "lmi"]
[SourceDate "2005.04.09"]

1. d4 d5 2. Nf3 Nf6 3. e3 e6 4. Bd3 Be7 5. O-O O-O 6. Nbd2 Nbd7 7. Re1 c6 8. e4
dxe4 9. Nxe4 Nxe4 10. Rxe4 c5 11. c3 b6 12. dxc5 bxc5 13. Qe2 Bb7 14. Re3 Nf6
15. Ne1 e5 16. Rxe5 Bd6 17. Re3 Bc8 18. h3 Bb7 19. Bc4 Qc7 20. Rd3 Be4 21. Rd1
Rfe8 22. Be3 Bg6 23. Bd3 Ne4 24. Nf3 f5 25. Bxe4 Rxe4 26. Ng5 Ree8 27. Qc4+ Kh8
28. Ne6 Qe7 29. Bxc5 Bxc5 30. Nxc5 Bf7 31. Qd4 Rad8 32. Qe3 Qxe3 33. fxe3 Rc8
34. Nb7 Bh5 35. Nd6 Bxd1 36. Rxd1 1-0

[Event "13. Ciudad de Dos Hermanas D"]
[Site "Dos Hermanas ESP"]
[Date "2005.04.06"]
[Round "6.4"]
[White "Jimenez Romero, Jose Antonio"]
[Black "Pereira Figueroa, Manuel"]
[Result "1-0"]
[WhiteElo "2095"]
[BlackElo "2089"]
[PlyCount "95"]
[EventDate "2005.04.01"]
[EventType "tourn"]
[EventRounds "1"]
[EventCountry "ESP"]
[Source "lmi"]
[SourceDate "2005.04.09"]

1. b3 e5 2. Bb2 Nc6 3. e3 d5 4. Bb5 Bd6 5. Nf3 Qe7 6. c4 Nf6 7. Nc3 Be6 8. c5
Bxc5 9. Nxe5 Bd7 10. Nxd7 Qxd7 11. Na4 Be7 12. Bxf6 Bxf6 13. Nc5 Qc8 14. Rc1
O-O 15. Bxc6 bxc6 16. d4 Be7 17. O-O f5 18. Nd3 Rf6 19. f4 a5 20. Ne5 Ra6 21.
Qh5 g6 22. Qe2 Qa8 23. Rc2 Ba3 24. h3 Re6 25. g4 Rf6 26. g5 Re6 27. h4 a4 28.
h5 axb3 29. axb3 Bf8 30. hxg6 hxg6 31. Qh2 c5 32. Nd7 Ra1 33. Nf6+ Kf7 34. Qh7+
Bg7 35. Rxa1 Qxa1+ 36. Kf2 Qa8 37. Rxc5 Re7 38. Rc6 Qd8 39. b4 Qa8 40. b5 Qd8
41. Rc5 Qa8 42. Rc6 Qd8 43. Ra6 c5 44. bxc6 Rc7 45. Rb6 Ke6 46. Nd7 Rxd7 47.
cxd7+ Qxb6 48. Qxg6+ 1-0

[Event "13. Ciudad de Dos Hermanas D"]
[Site "Dos Hermanas ESP"]
[Date "2005.04.06"]
[Round "6.5"]
[White "Vega Gutierrez, Sabrina Neide"]
[Black "Romero Garcia, Mariano"]
[Result "1-0"]
[WhiteElo "2253"]
[BlackElo "2171"]
[PlyCount "93"]
[EventDate "2005.04.01"]
[EventType "tourn"]
[EventRounds "1"]
[EventCountry "ESP"]
[Source "lmi"]
[SourceDate "2005.04.09"]

1. e4 c5 2. Nf3 d6 3. d4 cxd4 4. Qxd4 Nc6 5. Bb5 Bd7 6. Bxc6 Bxc6 7. Nc3 e5 8.
Qd3 h6 9. Nd2 Nf6 10. Nc4 b5 11. Ne3 Be7 12. O-O b4 13. Ncd5 Nxd5 14. Nxd5 Bxd5
15. Qxd5 O-O 16. Bd2 Qb6 17. Be3 Qc7 18. Rac1 Bg5 19. Bxg5 hxg5 20. Rfd1 Rfd8
21. c4 a5 22. Qd2 Qb7 23. Qe3 Rac8 24. Rd5 Qa6 25. Qd3 a4 26. Kf1 Kf8 27. Ke2
Ke7 28. h3 Rc7 29. b3 axb3 30. axb3 Qa2+ 31. Rc2 Qa6 32. Qd2 f6 33. Qxb4 Rb7
34. Rb5 Rdb8 35. Qa4 Qxa4 36. bxa4 Kd7 37. Kd3 Kc6 38. Rcb2 Rxb5 39. axb5+ Kc5
40. Ra2 g6 41. Kc3 f5 42. f3 Kb6 43. Ra6+ Kc7 44. Ra7+ Kb6 45. Rd7 Ra8 46.
Rxd6+ Kc7 47. Rxg6 1-0

[Event "13. Ciudad de Dos Hermanas D"]
[Site "Dos Hermanas ESP"]
[Date "2005.04.07"]
[Round "7.1"]
[White "Romero Garcia, Mariano"]
[Black "Belezky, Sasha"]
[Result "0-1"]
[WhiteElo "2171"]
[BlackElo "2372"]
[PlyCount "88"]
[EventDate "2005.04.01"]
[EventType "tourn"]
[EventRounds "1"]
[EventCountry "ESP"]
[Source "lmi"]
[SourceDate "2005.04.09"]

1. e4 c5 2. Nf3 d6 3. d4 cxd4 4. Qxd4 Nc6 5. Bb5 Bd7 6. Bxc6 bxc6 7. c4 e5 8.
Qd3 Qc7 9. Nc3 Nf6 10. Bg5 Be6 11. O-O Be7 12. Rfd1 Nd7 13. Bxe7 Kxe7 14. Ng5
Bg4 15. f3 Bh5 16. b4 f6 17. Nh3 Bf7 18. b5 Nb6 19. bxc6 Bxc4 20. Qxc4 Nxc4 21.
Nd5+ Kd8 22. Nxc7 Kxc7 23. Rac1 Na5 24. f4 Nxc6 25. fxe5 dxe5 26. Nf2 Rhd8 27.
Rd5 Rd6 28. Nd3 Kd7 29. Nc5+ Ke7 30. Nb7 Rd7 31. Rxd7+ Kxd7 32. Nc5+ Ke7 33.
Na6 Rc8 34. Nb4 Kd7 35. Nd5 Ne7 36. Rxc8 Nxc8 37. Kf2 Nb6 38. Nc3 Kc6 39. Ke3
Kc5 40. Kd3 Kb4 41. Nb1 Na4 42. h3 Nc5+ 43. Ke3 a6 44. h4 h5 0-1

[Event "13. Ciudad de Dos Hermanas D"]
[Site "Dos Hermanas ESP"]
[Date "2005.04.07"]
[Round "7.2"]
[White "Pereira Figueroa, Manuel"]
[Black "Vega Gutierrez, Sabrina Neide"]
[Result "0-1"]
[WhiteElo "2089"]
[BlackElo "2253"]
[PlyCount "42"]
[EventDate "2005.04.01"]
[EventType "tourn"]
[EventRounds "1"]
[EventCountry "ESP"]
[Source "lmi"]
[SourceDate "2005.04.09"]

1. d4 d5 2. c4 e6 3. cxd5 exd5 4. Nc3 c6 5. Qc2 Bd6 6. e4 dxe4 7. Nxe4 Bb4+ 8.
Bd2 Bxd2+ 9. Qxd2 Nf6 10. Nxf6+ Qxf6 11. Nf3 O-O 12. Be2 Be6 13. O-O Nd7 14.
Bd3 Rfe8 15. Bc2 Bg4 16. Ng5 Re2 17. Bxh7+ Kh8 18. Qc1 g6 19. h4 Nf8 20. Qc4
Re7 21. d5 Be2 0-1

[Event "13. Ciudad de Dos Hermanas D"]
[Site "Dos Hermanas ESP"]
[Date "2005.04.07"]
[Round "7.3"]
[White "Melero Fidalgo, Juan de Dios"]
[Black "Jimenez Romero, Jose Antonio"]
[Result "1-0"]
[WhiteElo "2207"]
[BlackElo "2095"]
[PlyCount "89"]
[EventDate "2005.04.01"]
[EventType "tourn"]
[EventRounds "1"]
[EventCountry "ESP"]
[Source "lmi"]
[SourceDate "2005.04.09"]

1. e4 d6 2. d4 Nf6 3. Nc3 g6 4. h3 Bg7 5. f4 c5 6. dxc5 Qa5 7. Bd3 Qxc5 8. Qf3
Nc6 9. Nge2 Bd7 10. Be3 Qa5 11. O-O O-O 12. a3 a6 13. Rab1 b5 14. Nd5 Rab8 15.
c3 e6 16. Nb4 Rbc8 17. Qf2 Rb8 18. Bc2 Nxb4 19. axb4 Qc7 20. Qh4 Bc6 21. Ng3
Qb7 22. f5 e5 23. Bh6 Qe7 24. Bxg7 Kxg7 25. Qg5 Qa7+ 26. Kh2 h6 27. Qd2 Qc7 28.
Rf2 Rbd8 29. Rbf1 Bb7 30. Qe2 Rc8 31. Re1 Qe7 32. Nf1 Rc7 33. Kg1 Qd8 34. Qe3
Qe7 35. Nd2 Rfc8 36. Ref1 Rf8 37. g4 Qd8 38. Nf3 g5 39. Rg2 Nh7 40. f6+ Kh8 41.
h4 Rg8 42. hxg5 Nxg5 43. Rh2 Qxf6 44. Nxg5 Qe7 45. Nxf7+ 1-0

[Event "13. Ciudad de Dos Hermanas D"]
[Site "Dos Hermanas ESP"]
[Date "2005.04.07"]
[Round "7.4"]
[White "Alanis Honrado, Sergio"]
[Black "Perez Perez, Manuel Angel"]
[Result "0-1"]
[WhiteElo "2000"]
[BlackElo "2048"]
[PlyCount "74"]
[EventDate "2005.04.01"]
[EventType "tourn"]
[EventRounds "1"]
[EventCountry "ESP"]
[Source "lmi"]
[SourceDate "2005.04.09"]

1. d4 Nf6 2. c4 g6 3. Nc3 Bg7 4. e4 O-O 5. e5 Ne8 6. Nf3 d6 7. Be3 Nc6 8. b3
dxe5 9. dxe5 Bg4 10. Be2 Nxe5 11. Nxe5 Bxe2 12. Kxe2 Bxe5 13. Rc1 Nd6 14. Qd5
Bg7 15. c5 c6 16. Qd3 Nf5 17. Rhd1 Qc7 18. g3 Rad8 19. Qc2 Nxe3 20. fxe3 f5 21.
Rxd8 Rxd8 22. Rd1 Rxd1 23. Nxd1 Qe5 24. Qc4+ Kf8 25. a4 h5 26. Kf3 h4 27. Nf2
hxg3 28. hxg3 Bh6 29. Qd3 Qxc5 30. g4 Bg7 31. gxf5 gxf5 32. Nh3 Bf6 33. Nf4 Kf7
34. Qd7 Qe5 35. Qxb7 Qe4+ 36. Ke2 Qc2+ 37. Kf3 Bh4 0-1

[Event "13. Ciudad de Dos Hermanas D"]
[Site "Dos Hermanas ESP"]
[Date "2005.04.08"]
[Round "8.1"]
[White "Belezky, Sasha"]
[Black "Diaz Castro, Sergio"]
[Result "1/2-1/2"]
[WhiteElo "2372"]
[BlackElo "2252"]
[PlyCount "146"]
[EventDate "2005.04.01"]
[EventType "tourn"]
[EventRounds "1"]
[EventCountry "ESP"]
[Source "lmi"]
[SourceDate "2005.04.09"]

1. d4 g6 2. Nf3 Bg7 3. Nbd2 d5 4. e3 Nf6 5. Bd3 O-O 6. b4 a5 7. b5 c5 8. c3
Nbd7 9. Ba3 Qc7 10. Rc1 e5 11. Nxe5 Nxe5 12. dxe5 Ng4 13. f4 Nxe3 14. Qf3 Nf5
15. b6 Qxb6 16. Qf2 Re8 17. Bxc5 Qd8 18. Bb6 Qe7 19. Bc5 Qd8 20. Bb6 Qe7 21.
O-O f6 22. g4 Nh6 23. exf6 Bxf6 24. g5 Ng4 25. Qc5 Bg7 26. h3 Ne3 27. Rfe1 d4
28. Qxe7 Rxe7 29. cxd4 Re6 30. Nc4 Nd5 31. Bc5 b6 32. Rxe6 Bxe6 33. Nxb6 Nxb6
34. Bxb6 Bxa2 35. Be4 Rb8 36. Bxa5 Bxd4+ 37. Kg2 Rb2+ 38. Rc2 Bb1 39. Bd5+ Kg7
40. Rxb2 Bxb2 41. Bc7 h6 42. gxh6+ Kxh6 43. Bd8 Kg7 44. Kf3 Bf6 45. Bxf6+ Kxf6
46. Be4 Ba2 47. h4 Be6 48. Ke3 Bb3 49. Kd4 Be6 50. Kc5 Bf5 51. Kd5 Be6+ 52. Kd6
Bb3 53. Kd7 Ba4+ 54. Kd8 Bb5 55. Bc2 Bc6 56. Kc7 Bb5 57. Kb6 Bd7 58. Kc5 Be8
59. Kd4 Bd7 60. Ke3 Bc6 61. Be4 Bd7 62. Kf3 Ba4 63. Kg4 Bd7+ 64. Kg3 Ba4 65.
Kf2 Bd7 66. Ke3 Ba4 67. Kd3 Bd7 68. Kd4 Ba4 69. Bd3 Bd7 70. Bc2 Be8 71. Kd5 Bb5
72. Bxg6 Kxg6 73. Ke6 Bd3 1/2-1/2

[Event "13. Ciudad de Dos Hermanas D"]
[Site "Dos Hermanas ESP"]
[Date "2005.04.08"]
[Round "8.2"]
[White "Perez Perez, Manuel Angel"]
[Black "Gallardo Fernandez, Cesar"]
[Result "1-0"]
[WhiteElo "2048"]
[BlackElo "2162"]
[PlyCount "61"]
[EventDate "2005.04.01"]
[EventType "tourn"]
[EventRounds "1"]
[EventCountry "ESP"]
[Source "lmi"]
[SourceDate "2005.04.09"]

1. e4 e6 2. d4 d5 3. Nc3 Bb4 4. e5 c5 5. a3 Ba5 6. b4 cxd4 7. Qg4 Ne7 8. bxa5
dxc3 9. Qxg7 Rg8 10. Qxh7 Qxa5 11. Nf3 Nbc6 12. Bg5 Bd7 13. Bf6 Qa4 14. h4
O-O-O 15. Qd3 d4 16. Rb1 a6 17. g3 Qxa3 18. Bg2 Qc5 19. O-O Rde8 20. Ng5 Nf5
21. Ne4 Qa5 22. Qc4 Qc7 23. Nc5 b5 24. Qa2 Qa5 25. Qxa5 Nxa5 26. Ra1 Nc6 27.
Rxa6 Nb8 28. Rb6 Ne7 29. Ra1 Nd5 30. Bxd5 exd5 31. Ra7 1-0

[Event "13. Ciudad de Dos Hermanas D"]
[Site "Dos Hermanas ESP"]
[Date "2005.04.08"]
[Round "8.3"]
[White "Jimenez Romero, Jose Antonio"]
[Black "Alanis Honrado, Sergio"]
[Result "1/2-1/2"]
[WhiteElo "2095"]
[BlackElo "2000"]
[PlyCount "25"]
[EventDate "2005.04.01"]
[EventType "tourn"]
[EventRounds "1"]
[EventCountry "ESP"]
[Source "lmi"]
[SourceDate "2005.04.09"]

1. b3 d5 2. Bb2 Nf6 3. e3 c5 4. Nf3 Bg4 5. h3 Bh5 6. g4 Bg6 7. Bb5+ Nc6 8. Ne5
Qc7 9. Bxc6+ bxc6 10. d3 e6 11. Nd2 Bd6 12. Ndf3 O-O 13. Qe2 1/2-1/2

[Event "13. Ciudad de Dos Hermanas D"]
[Site "Dos Hermanas ESP"]
[Date "2005.04.08"]
[Round "8.5"]
[White "Romero Garcia, Mariano"]
[Black "Pereira Figueroa, Manuel"]
[Result "1/2-1/2"]
[WhiteElo "2171"]
[BlackElo "2089"]
[PlyCount "30"]
[EventDate "2005.04.01"]
[EventType "tourn"]
[EventRounds "1"]
[EventCountry "ESP"]
[Source "lmi"]
[SourceDate "2005.04.09"]

1. e4 e6 2. d4 d5 3. e5 c5 4. Nf3 Nc6 5. Bd3 cxd4 6. O-O f6 7. Qe2 fxe5 8. Nxe5
Nxe5 9. Qxe5 Nf6 10. Bf4 Be7 11. Nd2 O-O 12. Bg3 Ng4 13. Qh5 Nf6 14. Qe5 Ng4
15. Qh5 Nf6 1/2-1/2

[Event "13. Ciudad de Dos Hermanas D"]
[Site "Dos Hermanas ESP"]
[Date "2005.04.09"]
[Round "9.1"]
[White "Pereira Figueroa, Manuel"]
[Black "Belezky, Sasha"]
[Result "0-1"]
[WhiteElo "2089"]
[BlackElo "2372"]
[PlyCount "72"]
[EventDate "2005.04.01"]
[EventType "tourn"]
[EventRounds "1"]
[EventCountry "ESP"]
[Source "lmi"]
[SourceDate "2005.04.09"]

1. d4 Nf6 2. c4 e5 3. dxe5 Ng4 4. e3 Nxe5 5. Nh3 a5 6. Be2 Ra6 7. Nc3 Rg6 8.
Nf4 Rh6 9. e4 Bb4 10. Qc2 O-O 11. Be3 Na6 12. Nd3 Nxd3+ 13. Bxd3 Re6 14. a3 Bc5
15. Bxc5 Nxc5 16. b4 Na6 17. Rb1 axb4 18. axb4 c5 19. Nd5 cxb4 20. O-O d6 21.
Nxb4 Nc5 22. Nd5 Rh6 23. g3 Bh3 24. Rfe1 Re8 25. f3 Be6 26. Bf1 Bxd5 27. cxd5
Qf6 28. Qf2 g5 29. Rbd1 g4 30. Bg2 gxf3 31. Bxf3 Rg6 32. Re3 Rg5 33. Qe2 Rge5
34. Re1 Qg5 35. Kf2 f5 36. Qc2 fxe4 0-1

[Event "13. Ciudad de Dos Hermanas D"]
[Site "Dos Hermanas ESP"]
[Date "2005.04.09"]
[Round "9.3"]
[White "Alanis Honrado, Sergio"]
[Black "Vega Gutierrez, Sabrina Neide"]
[Result "0-1"]
[WhiteElo "2000"]
[BlackElo "2253"]
[PlyCount "52"]
[EventDate "2005.04.01"]
[EventType "tourn"]
[EventRounds "1"]
[EventCountry "ESP"]
[Source "lmi"]
[SourceDate "2005.04.09"]

1. d4 d5 2. c4 e6 3. Nf3 c6 4. Qc2 dxc4 5. Qxc4 Nf6 6. Nc3 b5 7. Qd3 Be7 8. a3
a5 9. e4 Ba6 10. Qc2 b4 11. axb4 axb4 12. Nb1 Bd3 13. Bxd3 Rxa1 14. O-O h6 15.
Bf4 O-O 16. Bxb8 Qxb8 17. Qxc6 Rc8 18. Qb5 Qxb5 19. Bxb5 Nxe4 20. Nbd2 Rxf1+
21. Bxf1 Nxd2 22. Nxd2 Rc2 23. Nc4 Bf6 24. b3 Bxd4 25. Ne3 Rc3 26. Bc4 Bxe3 0-1

[Event "13. Ciudad de Dos Hermanas D"]
[Site "Dos Hermanas ESP"]
[Date "2005.04.09"]
[Round "9.4"]
[White "Gallardo Fernandez, Cesar"]
[Black "Jimenez Romero, Jose Antonio"]
[Result "1/2-1/2"]
[WhiteElo "2162"]
[BlackElo "2095"]
[PlyCount "47"]
[EventDate "2005.04.01"]
[EventType "tourn"]
[EventRounds "1"]
[EventCountry "ESP"]
[Source "lmi"]
[SourceDate "2005.04.09"]

1. e4 d6 2. d4 Nf6 3. Nc3 g6 4. h3 Bg7 5. Nf3 O-O 6. Be2 Na6 7. O-O b6 8. Bg5
h6 9. Bh4 Bb7 10. Re1 Re8 11. e5 dxe5 12. dxe5 Nh7 13. Bb5 c6 14. Bc4 b5 15.
Bf1 Nc5 16. Qe2 Qc7 17. Rad1 b4 18. Nb1 a5 19. Nbd2 Nf8 20. Qe3 Nfe6 21. Nd4
Nxd4 22. Qxd4 Ne6 23. Qe3 c5 24. Bc4 1/2-1/2